000 00407nam a2200145Ia 4500
008 220216s9999 xx 000 0 und d
100 _aMarsan P A
_cet al
245 0 _aAdvanced technologies for the identification of pure lines, hybrids and varieties
260 _bSementi Elette
_c1994
300 _a51-54
500 _aSource Year: 1994
650 _aDNA fingerprinting
856 _uPBA
942 _cJS
999 _c53864
_d53864